Serious games for blue team cybersecurity training

Saved in:
Bibliographic Details
Main Author: Kuklovský, Michal (Author)
Other Authors: Helebrandt, Pavol (Thesis advisor)
Format: Manuscript Book
Language:Slovak
English
Published: 2024
Subjects:
Online Access:http://is.stuba.sk/zp/portal_zp.pl?podrobnosti=177108
Tags: Add Tag
No Tags, Be the first to tag this record!

MARC

LEADER 00000ntm a22000003a 4500
001 stuzp100184
003 SK-STU
005 20240608213614.7
007 ta
008 150427s2015----xo-----f-mn---000-0-slo-d
040 |a STU  |b slo 
041 0 |a eng 
100 1 |a Kuklovský, Michal  |u 070400  |4 aut  |U FIIT Fakulta informatiky a informačných technológií  |T FIIT Ústav počítačového inžinierstva a aplikovanej informatiky  |X 103013  |U I400  |Y 672  |7 103013 
242 0 1 |a Vážna hra pre tréning kybernetickej bezpečnosti modrého tímu  |y slo 
245 1 0 |a Serious games for blue team cybersecurity training 
260 |c 2024 
650 4 |a modrý tím  |2 slo 
650 4 |a analýza logov  |2 slo 
650 4 |a kybernetický polygón  |2 slo 
650 4 |a log analysis  |2 eng 
650 4 |a KYPO  |2 eng 
650 4 |a blue team  |2 eng 
700 1 |a Helebrandt, Pavol  |u 070400  |k Z1  |4 ths  |U FIIT Fakulta informatiky a informačných technológií  |T FIIT Ústav počítačového inžinierstva a aplikovanej informatiky  |X 35267  |U I400  |Y 672  |7 35267 
856 4 |u http://is.stuba.sk/zp/portal_zp.pl?podrobnosti=177108